000 00528nam a22001817a 4500
003 CEME
005 20210628202812.0
008 210118b xxu||||| |||| 00| 0 eng d
020 _a0-8493-3686-4
040 _c.
082 _a621.38152 VIS
100 _aVisnovsky, Stefan
_961697
245 _aOptics in magnetic multilayers and nanostructures
260 _aNEW YORK
_bTAYLOR AND FRANCIS
_c2006
300 _a490P
650 _aMEGNETOOPTICS, THIN FILM, NANOSTUCTURES.MEGNETOOPTICS-PICAL DEVICES
_961698
942 _cBK
_2ddc
999 _c571062
_d571062